000
00290nam a22001337a 4500
008
171012b xxu||||| |||| 00| 0 eng d
020
_a
9780029241905
041
_a
eng
080
_a
316
100
_a
50
101
_a
SOC
245
_a
THE SOCIAL SYSTEM
_c
TALCOTT.P
942
_2
udc
_c
BK
999
_c
33274
_d
33274